[Event "Bhubaneswar op-A 14th"]
[Site "Bhubaneswar"]
[Date "2023.06.15"]
[Round "6"]
[White "Atrinjay, Saha"]
[Black "Shankhodip, De"]
[Result "1/2-1/2"]
[WhiteElo "1389"]
[BlackElo "1821"]
[PlyCount "93"]
[EventDate "2023.06.11"]
[EventType "swiss"]
[EventRounds "10"]
[EventCountry "IND"]
[SourceTitle "CBM 214 Extra"]
[Source "ChessBase"]
[SourceDate "2023.07.31"]
[SourceVersion "1"]
[SourceVersionDate "2023.07.31"]
[SourceQuality "1"]

1. e4 c5 2. Nf3 d6 3. d4 cxd4 4. Nxd4 Nf6 5. f3 g6 6. c4 Nc6 7. Nc3 Nxd4 8. Qxd4 Bg7 9. Be3 0-0 10. Qd2 Be6 11. Be2 Rc8 12. Nd5 Nd7 13. 0-0 Nc5 14. Bd4 Bxd4+ 15. Qxd4 Bxd5 16. exd5 Qb6 17. Kh1 Na4 18. Qxb6 Nxb6 19. b3 a5 20. Rac1 Nd7 21. Rc2 Rc7 22. f4 b5 23. Rfc1 Rfc8 24. Bg4 f5 25. Be2 b4 26. g4 fxg4 27. Bxg4 Rf8 28. Bxd7 Rxd7 29. Rf2 Rf5 30. Kg2 Ra7 31. Kg3 a4 32. Rb1 axb3 33. Rxb3 g5 34. Rxb4 Rxf4 35. Rxf4 gxf4+ 36. Kxf4 Rxa2 37. Rb8+ Kg7 38. h4 Rh2 39. Kg5 h6+ 40. Kh5 Re2 41. Rc8 Re4 42. Rc7 Kf6 43. c5 dxc5 44. Rxc5 Kg7 45. Ra5 Rf4 46. Rb5 Rf6 47. Kg4 1/2-1/2